000 00843nam a2200277 a 4500
001 33190
003 AR-BaAGN
005 20250107123124.0
007 ta
008 220625s1986 ag |||||r|||| ||||||spa d
040 _dAR-BaAGN
_aAR-BaAGN
_bspa
_eaacr
110 1 _aJunta Provincial de Estudios Históricos de Santa Fe
245 1 0 _aBicentenario de Estanislao López :
_bhomenaje
250 _a1ª ed.
260 _aSanta Fe :
_bJunta Provincial de Estudios Históricos de Santa Fe,
_c1986.
300 _a252 páginas :
_bilustraciones, fotografías, planos
336 _2rdacontent
_btxt
337 _2rdamedia
_bn
338 _2rdacarrier
_bnc
600 1 4 _aLópez, Estanislao,
_d1786-1838
_98880
650 4 _aGENEALOGÍA
_91370
650 4 _aHISTORIA ARGENTINA
_92450
655 _aBiografías
942 _cLIBRO
999 _c33190
_d33190